Estudios geológicos e hidrogeológicos en los alrededores de Villa Dolores (Provincia de Córdoba) (Record no. 25699)

MARC details
000 -LEADER
fixed length control field 00823cam a22002171 4500
001 - CONTROL NUMBER
control field gs 16000552
003 - CONTROL NUMBER IDENTIFIER
control field DLC
005 - DATE AND TIME OF LATEST TRANSACTION
control field 20260227111320.0
008 - FIXED-LENGTH DATA ELEMENTS--GENERAL INFORMATION
fixed length control field 891014s1916 ag abf 000 0 spa
010 ## - LIBRARY OF CONGRESS CONTROL NUMBER
LC control number gs 16000552
035 ## - SYSTEM CONTROL NUMBER
System control number (OCoLC)20493428
040 ## - CATALOGING SOURCE
Original cataloging agency DLC
Transcribing agency CU
Modifying agency CU
-- DLC
042 ## - AUTHENTICATION CODE
Authentication code premarc
050 00 - LIBRARY OF CONGRESS CALL NUMBER
Classification number QE231
Item number .A28 no. 14
100 1# - MAIN ENTRY--PERSONAL NAME
Personal name Beder, Robert,
Dates associated with a name 1885-
245 00 - TITLE STATEMENT
Title Estudios geológicos e hidrogeológicos en los alrededores de Villa Dolores (Provincia de Córdoba)
Statement of responsibility, etc. por el doctor Roberto Beder.
260 ## - PUBLICATION, DISTRIBUTION, ETC.
Place of publication, distribution, etc. Buenos Aires,
Name of publisher, distributor, etc. Talleres gráficos del Ministerio de agricultura de la nación,
Date of publication, distribution, etc. 1916.
300 ## - PHYSICAL DESCRIPTION
Extent 37 p.
Other physical details plates, maps (part fold.) diagrs.
Dimensions 27 cm.
410 10 - SERIES STATEMENT/ADDED ENTRY--CORPORATE NAME [OBSOLETE, CAN/MARC], [LOCAL, USA]
Corporate name or jurisdiction name as entry element Argentina.
Subordinate unit Dirección General de Minas y Geología.
Title of a work Boletin
Volume number/sequential designation no. 14. ser. B (Geologia)
650 #0 - SUBJECT ADDED ENTRY--TOPICAL TERM
Topical term or geographic name entry element Geology
Geographic subdivision Argentina.

No items available.

Powered by Koha